Principes de psycho-sociologie / (Record no. 59200)

MARC details
000 -LEADER
campo de control de longitud fija 00649nam a2200193 i 4500
001 - NÚMERO DE CONTROL
campo de control 59200
003 - IDENTIFICADOR DE NÚMERO DE CONTROL
campo de control ES-MaACL
005 - FECHA Y HORA DE LA ÚLTIMA TRANSACCIÓN
campo de control 20250807123014.0
007 - CAMPO FIJO DE DESCRIPCIÓN FÍSICA--INFORMACIÓN GENERAL
campo de control de longitud fija t|
008 - DATOS DE LONGITUD FIJA--INFORMACIÓN GENERAL
campo de control de longitud fija 031028s1914 fr ||||1| fre d
100 1# - ENTRADA PRINCIPAL--NOMBRE DE PERSONA
Nombre de persona Ellwood, Charles A.
9 (RLIN) 47063
245 10 - MENCIÓN DEL TÍTULO
Título Principes de psycho-sociologie /
Mención de responsabilidad, etc. par Charles A. Ellwood ; traduit de l'anglais par Pierre Combret de Lanux ; avant-propos par René Worms.
260 ## - PUBLICACIÓN, DISTRIBUCIÓN, ETC.
Lugar de publicación, distribución, etc. Paris :
Nombre del editor, distribuidor, etc. M. Giard & E. Brière,
Fecha de publicación, distribución, etc. 1914.
300 ## - DESCRIPCIÓN FÍSICA
Extensión IV, 307 p. ;
Dimensiones 23 cm.
700 1# - ENTRADA AGREGADA--NOMBRE PERSONAL
Nombre de persona Combret de Lanux, Pierre.
9 (RLIN) 39981
700 1# - ENTRADA AGREGADA--NOMBRE PERSONAL
Nombre de persona Worms, René,
Fechas asociadas al nombre 1869-1926
9 (RLIN) 117375
852 ## - LOCALIZACIÓN
Ubicación ES-MaACL
Número de control de estantería F-6797
Holdings
Estatus retirado Estado de pérdida Estado de daño No para préstamo Biblioteca de origen Biblioteca actual Ubicación en estantería Fecha de adquisición Fuente de adquisición Total de préstamos Signatura topográfica completa Código de barras Visto por última vez Precio de reemplazo Tipo de ítem Koha
        Biblioteca del Ateneo de Madrid Biblioteca del Ateneo de Madrid Depósito 2 17/01/2008     F-6797 1062100 23/02/2023 23/02/2023 Libro impreso